000 00516nam a2200229Ia 4500
003 0100
008 130303s9999 xx 000 0 und d
020 _a0070623260
040 _cARRUPELIB
050 _aB72.S79 1982
100 _aStumpf, Samuel Enoch
245 _aSocrates to sartre
245 _ba history of philosophy
250 _a2nd. ed.
260 _aNew York
260 _bMcGraw-Hill co.
260 _C1982
300 _a525p.
300 _b 23cm.
650 _aPHILOSOPHY
942 0 0 _033
999 _c25344
_d25344